Building electronic commerce : With web database constructions

Enregistré dans:
Détails bibliographiques
Auteur principal: Anne Nelson
Format: Livre
Langue:Undetermined
Publié: Boston, MA. Addison-Wesley 2002
Sujets:
Tags: Ajouter un tag
Pas de tags, Soyez le premier à ajouter un tag!
Thư viện lưu trữ: Trung tâm Học liệu Trường Đại học Cần Thơ
LEADER 00538nam a2200181Ia 4500
001 CTU_54870
008 210402s9999 xx 000 0 und d
020 |b 953000 
082 |a 658.8'4 
082 |b N425 
100 |a Anne Nelson 
245 0 |a Building electronic commerce : With web database constructions 
245 0 |c Anne Nelson and William H. M. Nelson 
260 |a Boston, MA. 
260 |b Addison-Wesley 
260 |c 2002 
650 |a electronic commerce,web sites 
980 |a Trung tâm Học liệu Trường Đại học Cần Thơ